00489pam a2200145a 44500008004100000020000900041041001200050082000700062100002700069245019900096250000600295260002500301300000800326650000900334230515b2012 xxu||||| |||| 00| 0 eng d aNULL aENGLISH aND aMS TREEZA CHARMING RAE aA STUDY TO ASSESS THE EFFECT OF NURSING INTERVENTIONS ON QUALITY OF SLEEP OF ELDERLY PEOPLE SUFFERING FROM SLEEP PATTERN DISTURBANCES RESIDING IN SELECTED EXTENDED GERIATRIC CENTERS OF PUNE CITY a0 abDR D Y PATILc2012 a120 aNULL